000 01350nam a22004097a 4500
003 CHAP
005 20220329141330.0
008 971013s1988 r 00010 d
010 _a66539
011 _a67511
035 _a76981
040 _cCHAP
090 _aFolleto 12141
110 _aINIFAP. México. Campo Experimental Norte de Guanajuato
_958760
245 _aSugerencias tecnológicas para cultivos de riego en el norte de Guanajuato
260 _aGuanajuato :
_bEl Instituto,
_c1988
300 _aHoja desplegable
490 _aDesplegaqble para productores
_v; 1
500 _a28-154
590 _aBATCH-UPD
_b10
_c20130110
_lUCH01
_h0549
590 _aBATCH-UPD
_b10
_c20130410
_lUCH01
_h0230
590 _aBATCH-UPD
_b10
_c20130913
_lUCH01
_h2337
590 _aCONVERSION
_b10
_c20130109
_lUCH01
_h1337
650 1 4 _aAjo
_xGuanajuato.
_93193
650 1 4 _aAlfalfa
_xGuanajuato.
_93870
650 1 4 _aAvena como forraje.
_98556
650 1 4 _aChile poblano.
_922495
650 1 4 _aCultivos
_xGuanajuato.
_930278
650 1 4 _aFrijol
_xGuanajuato.
_943388
650 1 4 _aMaíz como forraje.
_971109
650 1 4 _aMaíz
_xGuanajuato.
_970969
650 1 4 _aTrigo
_xGuanajuato.
_9115035
830 0 _aDesplegaqble para productores
_v; 1
_932193
901 _aBK
942 _cFOLL
949 _aFolleto 12141
_bBC
_cFOLL
_d-29843
_eTS1
_i76981
_si
999 _c66539
_d66539